| 000 | 00464nam a2200109Ia 4500 | ||
|---|---|---|---|
| 008 | 160909s9999 xx 000 0 und d | ||
| 100 | _aLommel, Lisa L. | ||
| 245 | _aApplying lntersectionality and Acculturation Theories to Explain Disparities in Self-rated Health Among Asian and Hispanic Immigrants in the U.S. | ||
| 260 |
_bUniversity of California, San Francisco. _c2016 |
||
| 650 | _aNursing | ||
| 856 | _uhttp://pqdtopen.proquest.com/doc/1802526293.html?FMT=ABS | ||
| 999 |
_c303930 _d303930 |
||